[Event "DLM 2009"]
[Site "Wismar GER"]
[Date "2009.09.30"]
[Round "2"]
[White "Keller, Peter"]
[Black "Schwarz, Larissa"]
[Result "1-0"]
[Termination "normal"]
[Board "3.8"]
[WhiteElo "1799"]
[BlackElo "1391"]
[WhiteTeam "Hessen"]
[BlackTeam "Rheinland-Pfalz"]
[PlyCount "117"]
[WhiteFideId "1272105"]
[BlackFideId "24699004"]
[EventCountry "GER"]
[EventRounds "7"]
[EventType "team-swiss"]
[EventDate "2009.09.29"]

1. e4 c5 2. Nf3 e6 3. d4 cxd4 4. Nxd4 a6 5. Nc3 Qc7 6. Be2 b5 7. O-O Bb7 8. Bf3
Nf6 9. e5 Bxf3 10. Qxf3 Nd5 11. Nxd5 exd5 12. Qxd5 Nc6 13. Bg5 Bb4 14. c3 Ba5
15. Nf5 O-O 16. Nd6 Bb6 17. Rad1 Ra7 18. Bh4 Qb8 19. Rfe1 Bc7 20. Re3 Bxd6 21.
Qxd6 Qxd6 22. Rxd6 Re8 23. Bg3 Ne7 24. Re1 Nf5 25. Rdd1 Nxg3 26. hxg3 Re7 27.
Kf1 Ra8 28. Rd6 Kf8 29. f4 Ke8 30. Kf2 Re6 31. Red1 Ra7 32. R1d5 Ke7 33. f5
Rxd6 34. exd6+ Kf6 35. Kf3 Ra8 36. g4 Re8 37. Rc5 g6 38. Kf4 g5+ 39. Kf3 Rd8
40. Rc7 Ke5 41. Ra7 Kxd6 42. Rxa6+ Kc5 43. Rf6 Rf8 44. Ke3 Kc4 45. Rd6 Re8+ 46.
Kf3 Rd8 47. Rd4+ Kc5 48. Ke3 d5 49. Kd3 Re8 50. Kd2 Ra8 51. a3 Ra4 52. Rxa4
bxa4 53. Kc2 Kc4 54. f6 h6 55. g3 d4 56. cxd4 Kxd4 57. b3 axb3+ 58. Kxb3 Kc5
59. Kc3 1-0

[Event "DLM 2009"]
[Site "Wismar GER"]
[Date "2009.09.30"]
[Round "2"]
[White "Siebarth, Raiko"]
[Black "Kugler, Florian"]
[Result "1-0"]
[Termination "normal"]
[Board "4.2"]
[WhiteElo "2218"]
[BlackElo "2058"]
[WhiteTeam "Thüringen"]
[BlackTeam "Mecklenburg-Vorpommern 1"]
[PlyCount "47"]
[WhiteFideId "4674766"]
[BlackFideId "4633300"]
[EventCountry "GER"]
[EventRounds "7"]
[EventType "team-swiss"]
[EventDate "2009.09.29"]

1. Nc3 {[%emt 0:00:00]} e6 2. e4 d5 3. f4 d4 4. Nce2 c5 5. Nf3 b6 6. Ng3 Nf6 7.
Bc4 Bb7 8. d3 Be7 9. O-O Nbd7 10. c3 dxc3 11. bxc3 h6 12. Qe1 Qc7 13. Bd2 Bc6
14. a4 Rd8 15. e5 Nd5 16. f5 Nf8 17. Ne4 Qd7 18. f6 gxf6 19. exf6 Bd6 20. Nxd6+
Qxd6 21. Ne5 Nd7 22. Nxc6 Qxc6 23. Qg3 N7xf6 24. Bb5 1-0

[Event "DLM 2009"]
[Site "Wismar GER"]
[Date "2009.09.30"]
[Round "2"]
[White "Völsgen, Georg"]
[Black "Urban, Lars"]
[Result "1/2-1/2"]
[Termination "normal"]
[Board "4.3"]
[WhiteElo "1969"]
[BlackElo "1831"]
[WhiteTeam "Mecklenburg-Vorpommern 1"]
[BlackTeam "Thüringen"]
[PlyCount "94"]
[WhiteFideId "24635901"]
[BlackFideId "4644034"]
[EventCountry "GER"]
[EventRounds "7"]
[EventType "team-swiss"]
[EventDate "2009.09.29"]

1. e4 e6 2. d4 d5 3. Nd2 Be7 4. Ngf3 Nf6 5. Bd3 c5 6. c3 Nc6 7. Bc2 cxd4 8.
Nxd4 Nxd4 9. cxd4 dxe4 10. Nxe4 Nxe4 11. Bxe4 Bf6 12. Be3 Qa5+ 13. Bd2 Qb6 14.
Bc3 Bd7 15. O-O O-O 16. Qh5 h6 17. Rad1 Bc6 18. Bb1 Bd5 19. Rfe1 Qc6 20. Re3
Bg5 21. Rg3 Be4 22. h4 Bxb1 23. hxg5 Bg6 24. Qh4 h5 25. Re1 Rad8 26. Rge3 Rd5
27. f4 Rf5 28. Rf1 Qa6 29. a3 f6 30. gxf6 R8xf6 31. g3 Qb6 32. Rfe1 Rd5 33. Qh3
Kf7 34. Re5 Rxe5 35. Rxe5 Rf5 36. Rxf5+ exf5 37. Qg2 Qc6 38. Qe2 Qe6 39. Qf3
Qe4 40. Kf2 Qxf3+ 41. Kxf3 Ke6 42. d5+ Kxd5 43. Bxg7 Be8 44. Kg2 Bb5 45. Kh3
Be2 46. Kh4 b5 47. Kg5 Ke6 1/2-1/2

[Event "DLM 2009"]
[Site "Wismar GER"]
[Date "2009.09.30"]
[Round "2"]
[White "Hoffmann, Sascha"]
[Black "Stövesand, Eric"]
[Result "0-1"]
[Termination "normal"]
[Board "4.4"]
[WhiteElo "1755"]
[BlackElo "1847"]
[WhiteTeam "Thüringen"]
[BlackTeam "Mecklenburg-Vorpommern 1"]
[PlyCount "116"]
[WhiteFideId "24668931"]
[BlackFideId "24651117"]
[EventCountry "GER"]
[EventRounds "7"]
[EventType "team-swiss"]
[EventDate "2009.09.29"]

1. e4 {[%emt 0:00:00]} e5 {[%emt 0:00:00]} 2. Nf3 Nc6 3. d4 exd4 4. Nxd4 Qf6 5.
Nxc6 dxc6 6. Bd3 Bc5 7. O-O Ne7 8. Nc3 a6 9. Kh1 Qh4 10. f4 Bg4 11. Qe1 Qxe1
12. Rxe1 O-O-O 13. h3 Be6 14. Be3 Bxe3 15. Rxe3 f6 16. Rf1 h6 17. f5 Bf7 18. e5
fxe5 19. Rxe5 Nd5 20. Nxd5 Bxd5 21. Re3 c5 22. Rfe1 Rhf8 23. Be2 Kb8 24. Bg4 h5
25. Bxh5 Rxf5 26. Bg4 Rf2 27. R1e2 Bxg2+ 28. Kg1 Rxe2 29. Rxe2 Bd5 30. Rd2 Rd6
31. a3 Be4 32. Re2 Bc6 33. Kh2 Bd7 34. Kg3 Bxg4 35. hxg4 b5 36. Kf4 Rd5 37. Re5
c6 38. Rxd5 cxd5 39. Ke5 d4 40. Kd5 c4 41. Kxd4 Kc7 42. Ke5 Kd7 43. Kf5 Ke7 44.
Kg6 Kf8 45. Kh7 Kf7 46. g5 a5 47. b4 axb4 48. axb4 c3 49. Kh8 Kg6 50. Kg8 Kxg5
51. Kxg7 Kf4 52. Kf6 Ke3 53. Ke5 Kd2 54. Kd4 Kxc2 55. Kc5 Kb3 56. Kxb5 c2 57.
Ka5 c1=Q 58. b5 Kc4 0-1

[Event "DLM 2009"]
[Site "Wismar GER"]
[Date "2009.09.30"]
[Round "2"]
[White "Scheel, Henrik"]
[Black "Schätz, Bianca"]
[Result "0-1"]
[Termination "normal"]
[Board "4.5"]
[WhiteElo "1632"]
[BlackElo "1674"]
[WhiteTeam "Mecklenburg-Vorpommern 1"]
[BlackTeam "Thüringen"]
[PlyCount "84"]
[WhiteFideId "24692115"]
[BlackFideId "24655821"]
[EventCountry "GER"]
[EventRounds "7"]
[EventType "team-swiss"]
[EventDate "2009.09.29"]

1. e4 c5 2. Nf3 Nc6 3. d4 cxd4 4. Nxd4 g6 5. Be3 Bg7 6. c3 Nf6 7. Nd2 O-O 8.
Be2 d5 9. Nxc6 bxc6 10. Bf3 Ba6 11. exd5 cxd5 12. Be2 Bxe2 13. Qxe2 Qc7 14. O-O
Rab8 15. Nb3 Ne4 16. f3 Nd6 17. Nc5 Qc6 18. Na6 Rb7 19. Nb4 Qc4 20. Qd2 e6 21.
a3 Nf5 22. Rac1 Nxe3 23. Qxe3 Rd8 24. Kh1 Qb5 25. Rfd1 Rbd7 26. Qd3 Qb6 27. Qa6
Qxa6 28. Nxa6 Rb7 29. Rb1 Rb6 30. Nb4 a5 31. Nd3 Rc8 32. Rdc1 a4 33. Kg1 Kf8
34. Kf1 Ke7 35. Ke2 Kd6 36. Nb4 d4 37. c4 Bh6 38. Rc2 f6 39. Kd3 Be3 40. Re2
Rb7 41. Nc2 Rb3+ 42. Ke4 f5# 0-1

[Event "DLM 2009"]
[Site "Wismar GER"]
[Date "2009.09.30"]
[Round "2"]
[White "Senf, Paul"]
[Black "Rogasch, Miriam"]
[Result "0-1"]
[Termination "time forfeit"]
[Board "4.6"]
[WhiteElo "1494"]
[BlackElo "1578"]
[WhiteTeam "Thüringen"]
[BlackTeam "Mecklenburg-Vorpommern 1"]
[PlyCount "78"]
[WhiteFideId "12900389"]
[BlackFideId "4616324"]
[EventCountry "GER"]
[EventRounds "7"]
[EventType "team-swiss"]
[EventDate "2009.09.29"]

1. e4 e5 2. Nf3 Nc6 3. d4 exd4 4. Nxd4 Bc5 5. Be3 Bb6 6. Nc3 Nf6 7. Be2 d5 8.
Nxc6 bxc6 9. Bxb6 axb6 10. exd5 cxd5 11. Bf3 Be6 12. O-O O-O 13. Qd2 c6 14.
Rad1 Qd6 15. a3 Bg4 16. Bxg4 Nxg4 17. g3 f5 18. Ne2 Rae8 19. Nf4 Qh6 20. h4 g5
21. Nh3 gxh4 22. Qxh6 Nxh6 23. gxh4 Re4 24. f4 Rfe8 25. Rd2 Ng4 26. Kh1 h6 27.
c3 Re2 28. Rfd1 R8e4 29. Kg1 R4e3 30. Rd3 Rxd3 31. Rxd3 Rxb2 32. Rg3 Ra2 33.
Kh1 Kf7 34. Rg2 Rxa3 35. Rc2 d4 36. Ng1 Rxc3 37. Rd2 d3 38. Nf3 Rc1+ 39. Kg2
Rc2 0-1

[Event "DLM 2009"]
[Site "Wismar GER"]
[Date "2009.09.30"]
[Round "2"]
[White "Schöbel, Ulrike"]
[Black "Jünger, Theresa"]
[Result "1/2-1/2"]
[Termination "normal"]
[Board "4.7"]
[WhiteElo "1681"]
[BlackElo "1581"]
[WhiteTeam "Mecklenburg-Vorpommern 1"]
[BlackTeam "Thüringen"]
[PlyCount "41"]
[EventCountry "GER"]
[EventRounds "7"]
[EventType "team-swiss"]
[EventDate "2009.09.29"]

1. c4 {[%emt 0:00:00]} Nf6 2. Nc3 e6 3. g3 c6 4. Bg2 Be7 5. Nf3 O-O 6. O-O d5
7. cxd5 cxd5 8. d4 a6 9. Bf4 b5 10. Rc1 Bb7 11. Qd3 Nbd7 12. Ne5 Rc8 13. Rc2
Qa5 14. Nxd7 Nxd7 15. Rfc1 b4 16. Nd1 Rxc2 17. Rxc2 Rc8 18. b3 Qd8 19. Nb2 Rxc2
20. Qxc2 Qc8 21. Qxc8+ 1/2-1/2

[Event "DLM 2009"]
[Site "Wismar GER"]
[Date "2009.09.30"]
[Round "2"]
[White "Wild, Achim"]
[Black "Lehmann, Ruben"]
[Result "1/2-1/2"]
[Termination "normal"]
[Board "5.1"]
[WhiteElo "2033"]
[BlackElo "1846"]
[WhiteTeam "Saarland"]
[BlackTeam "Mecklenburg-Vorpommern 2"]
[PlyCount "59"]
[WhiteFideId "4658728"]
[BlackFideId "24671177"]
[EventCountry "GER"]
[EventRounds "7"]
[EventType "team-swiss"]
[EventDate "2009.09.29"]

1. d4 {[%emt 0:00:00]} d5 2. Nf3 Nf6 3. e3 e6 4. Bd3 c5 5. c3 Nc6 6. Nbd2 cxd4
7. exd4 Bd6 8. O-O O-O 9. Re1 Qc7 10. Nf1 Rb8 11. Bc2 b5 12. Bg5 Ne8 13. Qe2 b4
14. Bh4 bxc3 15. bxc3 Rb6 16. Ne5 Ba6 17. Qe3 Bxf1 18. Kxf1 Nxe5 19. dxe5 Qc4+
20. Qd3 Qxh4 21. exd6 Nxd6 22. Kg1 Ne4 23. g3 Qe7 24. c4 Qc5 25. Re3 Nf6 26.
cxd5 Qxd5 27. Qe2 g6 28. Bb3 Qh5 29. f3 Qc5 30. Kg2 1/2-1/2

[Event "DLM 2009"]
[Site "Wismar GER"]
[Date "2009.09.30"]
[Round "2"]
[White "Wolf, Christoph"]
[Black "Müller, Denis"]
[Result "1-0"]
[Termination "normal"]
[Board "5.2"]
[WhiteElo "1963"]
[BlackElo "1922"]
[WhiteTeam "Mecklenburg-Vorpommern 2"]
[BlackTeam "Saarland"]
[PlyCount "87"]
[WhiteFideId "24650633"]
[BlackFideId "4696140"]
[EventCountry "GER"]
[EventRounds "7"]
[EventType "team-swiss"]
[EventDate "2009.09.29"]

1. e4 c5 2. Nf3 d6 3. d4 cxd4 4. Nxd4 Nf6 5. Nc3 a6 6. Be2 e5 7. Nb3 Be7 8. O-O
O-O 9. Be3 Be6 10. f4 exf4 11. Rxf4 Nc6 12. Kh1 Rc8 13. a4 Ne5 14. Nd4 Ng6 15.
Rf1 Rxc3 16. bxc3 Nxe4 17. Qd3 d5 18. Nxe6 fxe6 19. Rxf8+ Qxf8 20. Bg4 Nf4 21.
Qf1 Bc5 22. Qxf4 Qxf4 23. Bxf4 Nf2+ 24. Kg1 Nxg4+ 25. Kf1 e5 26. h3 Ne3+ 27.
Bxe3 Bxe3 28. Ke2 Bb6 29. Rb1 Ba5 30. Rxb7 Bxc3 31. Rd7 d4 32. Kd3 Kf8 33. Rd5
Ke7 34. Rxe5+ Kd6 35. Re8 a5 36. Rg8 g6 37. Rg7 Kc5 38. Rxh7 Kb4 39. Rg7 Kxa4
40. Rxg6 Kb5 41. Rg8 a4 42. Ra8 Ba5 43. Rxa5+ Kxa5 44. Kc4 1-0

[Event "DLM 2009"]
[Site "Wismar GER"]
[Date "2009.09.30"]
[Round "2"]
[White "Valet, Alexander"]
[Black "Frischmann, Rick"]
[Result "1/2-1/2"]
[Termination "normal"]
[Board "5.4"]
[WhiteElo "1887"]
[BlackElo "1846"]
[WhiteTeam "Mecklenburg-Vorpommern 2"]
[BlackTeam "Saarland"]
[PlyCount "90"]
[WhiteFideId "24682560"]
[BlackFideId "24660752"]
[EventCountry "GER"]
[EventRounds "7"]
[EventType "team-swiss"]
[EventDate "2009.09.29"]

1. e4 c5 2. Nc3 e6 3. g3 Nc6 4. Bg2 Nf6 5. d3 Be7 6. f4 d6 7. Nf3 Rb8 8. O-O b5
9. Ne2 a5 10. h3 h5 11. b3 Qb6 12. Kh1 d5 13. e5 Ng8 14. Nd2 b4 15. Re1 Nh6 16.
Nf1 g6 17. Ne3 Ba6 18. Ng1 Nd4 19. Nf3 Nhf5 20. Kh2 Rc8 21. Bb2 Nxe3 22. Rxe3
Nf5 23. Re1 c4 24. dxc4 dxc4 25. Bd4 Nxd4 26. Qxd4 Bc5 27. Qb2 c3 28. Qc1 Rd8
29. Rd1 O-O 30. Rxd8 Rxd8 31. Qh1 Be2 32. Re1 Bxf3 33. Bxf3 Rd2+ 34. Re2 Qd8
35. Rxd2 Qxd2+ 36. Qg2 Qd4 37. Be2 Kg7 38. Bd3 h4 39. Qf1 hxg3+ 40. Kxg3 Qe3+
41. Kg4 g5 42. Qf3 Qe1 43. Qg3 Qd1+ 44. Qf3 Qg1+ 45. Qg3 Qd1+ 1/2-1/2

[Event "DLM 2009"]
[Site "Wismar GER"]
[Date "2009.09.30"]
[Round "2"]
[White "Sonnhalter, Stella"]
[Black "Siegert, Gregor"]
[Result "1-0"]
[Termination "normal"]
[Board "5.5"]
[WhiteElo "1746"]
[BlackElo "1435"]
[WhiteTeam "Saarland"]
[BlackTeam "Mecklenburg-Vorpommern 2"]
[PlyCount "81"]
[WhiteFideId "4624815"]
[BlackFideId "1271250"]
[EventCountry "GER"]
[EventRounds "7"]
[EventType "team-swiss"]
[EventDate "2009.09.29"]

1. e4 {[%emt 0:00:00]} c5 2. Nc3 d6 3. f4 e6 4. Nf3 a6 5. Be2 Nc6 6. O-O Be7 7.
d3 Qc7 8. Qe1 Nd4 9. Bd1 Nf6 10. Qg3 g6 11. e5 Nh5 12. Qe1 Bd7 13. exd6 Qxd6
14. Ne5 f6 15. Nc4 Qc7 16. Bxh5 gxh5 17. Ne3 O-O-O 18. Ne2 Rhg8 19. c3 Nxe2+
20. Qxe2 h4 21. f5 h3 22. fxe6 Bxe6 23. g3 Bd6 24. Rf3 h5 25. Kh1 Bd7 26. d4
Rde8 27. Qd3 h4 28. Nd5 Qc6 29. c4 hxg3 30. hxg3 Bxg3 31. Rxg3 Re1+ 32. Kh2
Rge8 33. Re3 R8xe3 34. Bxe3 Qd6+ 35. Bf4 Qe6 36. Rxe1 Qxe1 37. Qe3 Qf1 38. Qd2
Bg4 39. dxc5 b5 40. Nb6+ Kb7 41. Qd5+ 1-0

[Event "DLM 2009"]
[Site "Wismar GER"]
[Date "2009.09.30"]
[Round "2"]
[White "Wulf, Constanze"]
[Black "Schmitt, Carsten"]
[Result "0-1"]
[Termination "normal"]
[Board "5.6"]
[WhiteElo "1276"]
[BlackElo "1588"]
[WhiteTeam "Mecklenburg-Vorpommern 2"]
[BlackTeam "Saarland"]
[PlyCount "96"]
[WhiteFideId "24692379"]
[BlackFideId "24661040"]
[EventCountry "GER"]
[EventRounds "7"]
[EventType "team-swiss"]
[EventDate "2009.09.29"]

1. d4 d5 2. Bf4 e6 3. Nf3 Nd7 4. e3 c6 5. Bd3 f5 6. c3 Ngf6 7. Nbd2 h6 8. Ne5
g5 9. Nxd7 Qxd7 10. Be5 Bg7 11. c4 O-O 12. O-O b6 13. cxd5 Nxd5 14. Bxg7 Qxg7
15. Qb3 f4 16. exf4 Nxf4 17. Bc4 Qxd4 18. Nf3 Qf6 19. Bd3 Nxg2 20. Kxg2 Qxf3+
21. Kg1 Rf4 22. Bh7+ Kxh7 23. Qxf3 Rxf3 24. Rac1 Bd7 25. Rfd1 Rd8 26. Rd4 c5
27. Rd2 Rf5 28. Rcd1 Rd5 29. Rxd5 exd5 30. Rxd5 Kg7 31. Rd6 h5 32. Rd5 Kf6 33.
f3 g4 34. fxg4 hxg4 35. Rd2 Ke7 36. Re2+ Be6 37. Kf2 Rd3 38. b3 Rf3+ 39. Kg1
Kf7 40. Kg2 Bd5 41. Kg1 g3 42. hxg3 Rxg3+ 43. Kf2 Rg2+ 44. Kf1 Rxe2 45. Kxe2
Ke6 46. Kd2 c4 47. bxc4 Bxc4 48. a3 Kd5 0-1

[Event "DLM 2009"]
[Site "Wismar GER"]
[Date "2009.09.30"]
[Round "2"]
[White "Brühan, Caren"]
[Black "Richter, Jannina"]
[Result "0-1"]
[Termination "normal"]
[Board "5.7"]
[WhiteElo "1291"]
[BlackElo "1161"]
[WhiteTeam "Saarland"]
[BlackTeam "Mecklenburg-Vorpommern 2"]
[PlyCount "74"]
[WhiteFideId "24691976"]
[EventCountry "GER"]
[EventRounds "7"]
[EventType "team-swiss"]
[EventDate "2009.09.29"]

1. d4 {[%emt 0:00:00]} Nf6 2. Nf3 g6 3. c4 d6 4. Nc3 Bg7 5. Bf4 O-O 6. e3 Nbd7
7. Bd3 Nb6 8. b4 Re8 9. c5 dxc5 10. bxc5 Nbd5 11. Nxd5 Nxd5 12. Be5 Nf6 13. O-O
c6 14. Qb3 Nd5 15. Bxg7 Kxg7 16. Bc4 Rf8 17. Rad1 Rb8 18. Rfe1 Be6 19. Ne5 Nc7
20. Bxe6 Nxe6 21. Qc4 Nc7 22. e4 e6 23. Qc3 Kg8 24. Qe3 Qe7 25. Qh6 Rbd8 26.
Re3 Qf6 27. a4 Qxe5 28. Rdd3 Qg7 29. Rh3 Qxh6 30. Rxh6 Rd7 31. Rb3 Rxd4 32. h3
Rxa4 33. Rxb7 Na6 34. Rxa7 Rb8 35. Rh4 Rbb4 36. Rf4 f5 37. f3 Nxc5 0-1

[Event "DLM 2009"]
[Site "Wismar GER"]
[Date "2009.09.30"]
[Round "2"]
[White "Wagner, Swenja"]
[Black "Hess, Sophie"]
[Result "1-0"]
[Termination "normal"]
[Board "5.8"]
[WhiteElo "845"]
[BlackElo "970"]
[WhiteTeam "Mecklenburg-Vorpommern 2"]
[BlackTeam "Saarland"]
[PlyCount "69"]
[WhiteFideId "12900494"]
[BlackFideId "12905461"]
[EventCountry "GER"]
[EventRounds "7"]
[EventType "team-swiss"]
[EventDate "2009.09.29"]

1. e4 {[%emt 0:00:00]} e5 2. Nf3 Nc6 3. Bc4 Bc5 4. c3 Nf6 5. d4 exd4 6. cxd4
Bb4+ 7. Bd2 Nxe4 8. Bxb4 Nxb4 9. Qb3 Nc6 10. Bxf7+ Kf8 11. Bd5 Qe7 12. O-O Nf6
13. Bxc6 dxc6 14. Nbd2 c5 15. Rfe1 Qd6 16. Ne5 Be6 17. Qxb7 Bd5 18. Qb5 cxd4
19. Ndc4 Qd8 20. Nc6 a6 21. Qc5+ Qd6 22. Nxd6 cxd6 23. Qxd6+ Kf7 24. Ne5+ Kg8
25. Nd7 Rd8 26. Rac1 Rxd7 27. Qb8+ Kf7 28. Qxh8 Nh5 29. Qe8+ Kf6 30. Qxd7 Nf4
31. Qd6+ Kg5 32. g3 Nd3 33. Qxd5+ Kh6 34. g4 Nxe1 35. Qh5# 1-0